Physical fitness of the Burmese : [report of the Technical Committee of the Burma Medical Research Council].

保存先:
書誌詳細
団体著者: Myanma Niang Ngan Hsēi Thuteithana Kaungsi (Burma). Technical Committee
フォーマット: 図書
言語:English
出版事項: Rangoon : Burma Medical Research Institute, 1968.
シリーズ:Special report series (Myanma Niang Ngan Hsēi Thuteithana Kaungsi (Burma) no. 5.
主題:
LEADER 01174nam a2200265 a 4500
001 c000164001
003 CARM
005 20030604143512.0
008 860408s1968 br b 000 0 eng d
019 1 |a 4247736  |z 57695203  |5 LACONCORD2021 
035 |a (OCoLC)220358826  |5 LACONCORD2021 
040 |a VMOU  |b eng  |c VMOU  |d VMOU 
043 |a a-br--- 
082 1 4 |a 613.7/09/591  |2 19 
110 2 |a Myanma Niang Ngan Hsēi Thuteithana Kaungsi (Burma).  |b Technical Committee. 
245 1 0 |a Physical fitness of the Burmese :  |b [report of the Technical Committee of the Burma Medical Research Council]. 
260 |a Rangoon :  |b Burma Medical Research Institute,  |c 1968. 
300 |a 71 p. ;  |c 25 cm. 
490 1 |a Special report series / Burma Medical Research Council  |v no. 5 
504 |a Bibliography: p. [69]-71. 
650 0 |a Physical fitness  |z Burma. 
830 0 |a Special report series (Myanma Niang Ngan Hsēi Thuteithana Kaungsi (Burma)  |v no. 5. 
852 8 |b CARM  |h A2:AJ14B0  |i B05199  |p 0188514  |f BK 
999 f f |i a10ac912-3ec7-5729-b598-5b5cee02829f  |s bee2b627-870b-5e7d-beda-862924c20cf3 
952 f f |p Can circulate  |a CAVAL  |b CAVAL  |c CAVAL  |d CARM 1 Store  |e B05199  |f A2:AJ14B0  |h Other scheme  |i book  |m 0188514